| 000 | 00645cam a2200205 i 4500 | ||
|---|---|---|---|
| 005 | 20251117112820.0 | ||
| 008 | 250721s2014 ua gr 000 0 ara d | ||
| 020 | _a9789777570039 | ||
| 082 | 1 | 4 |
_a210.421338 _bع ب د |
| 245 | 1 | 2 |
_aالقرين / _cإعداد محمد عبد الجواد. |
| 250 | _aالطبعة الأولى. | ||
| 264 | 3 | 1 |
_aالقاهرة : _bمكتبة جزيرة الورد، _c2014. |
| 300 | _a109 صفحة. | ||
| 650 | 1 | 7 | _aالإسلام. |
| 650 | 1 | 7 | _aالجن. |
| 653 | _aقرين الإنسان. | ||
| 700 | 1 |
_aعبد الجواد، محمد _eمعد. |
|
| 942 |
_2ddc _cBK |
||
| 999 |
_c129842 _d129842 |
||